000 00408nam a22001577a 4500
003 OSt
005 20260618050335.0
008 260618b |||||||| |||| 00| 0 eng d
040 _cDLC
050 _bER69F
082 _bER69F
245 _aF.B. Meyer, The Best From All His Work
_cEdited by Charles Erlandson
260 _aNashville:
_bThomas Nelson Publishers,
_c1988.
300 _a288p.
942 _2ddc
_cBK
999 _c11659
_d11659